000 00849nam a2200229Ia 4500
999 _c3675
_d3675
003 OSt
005 20200625124809.0
008 191128s1990 ck fr 000 0 spa d
040 _aCO-JMCR
_cCO-JMCR
041 0 _aspa
082 0 4 _a334 /
_bB719p
_223
100 1 _aBonow, Mauricio,
_eautor
_96162
245 1 0 _aPrincipios del cooperativismo /
_cMauricio Bonow y W.P. Watkins
250 _aTercera edición
260 _aBogotá :
_bFondo Nacional Universitario,
_c1990
300 _a105 páginas ;
_c20 cm.
490 0 _aAlianza Cooperativa Internacional
505 0 _aDiscurso inaugural de Mauricio Bonow, Presidente de la ACI -- Informe de la Comisión sobre los Principios cooperativos -- Naturaleza de los principios cooperativos
650 1 4 _aCooperativismo
_xteoría
_96163
700 1 _aWatkins, W.P.,
_eautor
_96164
942 _2ddc
_cBK